Marinos ilustres de la provincia de Santander (Registro nro. 163540)

Detalles MARC
000 -LEADER
campo de control de longitud fija 00674nam a22001815i 4500
001 - NÚMERO DE CONTROL
campo de control 163540
003 - IDENTIFICADOR DE NÚMERO DE CONTROL
campo de control ES-MaACL
005 - FECHA Y HORA DE LA ÚLTIMA TRANSACCIÓN
campo de control 20230906212747.0
008 - DATOS DE LONGITUD FIJA--INFORMACIÓN GENERAL
campo de control de longitud fija 010528s1881 sp |||| | spa d
040 ## - FUENTE DE CATALOGACIÓN
Centro catalogador/agencia de origen CAM
Lengua de catalogación spa
Centro/agencia transcriptor CAM
100 1# - ENTRADA PRINCIPAL--NOMBRE DE PERSONA
Nombre de persona Rio, José Antonio del.
9 (RLIN) 131830
245 10 - MENCIÓN DEL TÍTULO
Título Marinos ilustres de la provincia de Santander
Resto del título : por José Antonio y Alfredo del Rio.
260 ## - PUBLICACIÓN, DISTRIBUCIÓN, ETC.
Lugar de publicación, distribución, etc. Santander :
Nombre del editor, distribuidor, etc. [s.n.],
Fecha de publicación, distribución, etc. 1881 (
Fabricante Imp. y lit. de J.M. Martinez)
300 ## - DESCRIPCIÓN FÍSICA
Extensión X, 575 [i.e. 475] p. ;
Dimensiones 22 cm.
650 #4 - PUNTO DE ACCESO ADICIONAL DE MATERIA--TÉRMINO DE MATERIA
Término de materia o nombre geográfico como elemento de entrada Marineros-
Subdivisión geográfica Santander-
Subdivisión general Biografías.
9 (RLIN) 136469
700 11 - ENTRADA AGREGADA--NOMBRE PERSONAL
Nombre de persona Rio, Alfredo del.
9 (RLIN) 131829
852 ## - LOCALIZACIÓN
Ubicación ES-MaACL
Número de control de estantería F-6055
Nota libre -- Enc. hol.
-- -- Duplicado en varios registros
Existencias
Estatus retirado Estado de pérdida Estado de daño No para préstamo Colección Biblioteca de origen Biblioteca actual Ubicación en estantería Fecha de adquisición Fuente de adquisición Total de préstamos Signatura topográfica completa Código de barras Visto por última vez Precio de reemplazo Tipo de ítem Koha
        Libros del s. XIX Biblioteca del Ateneo de Madrid Biblioteca del Ateneo de Madrid Depósito 2 17/01/2008     F-6055 1171372 23/02/2023 23/02/2023 Libro impreso antiguo